Las enfermedades de la nutrición / (Registro nro. 12984)

Detalles MARC
000 -CABECERA
Longitud fija campo de control 00756nam a2200205 a 4500
003 - • IDENTIFICADOR DELl NÚMERO DE CONTROL
Identificador del número de control CO-ViMGA
008 - • CÓDIGOS DE INFORMACIÓN DE LONGITUD FIJA
Códigos de información de longitud fija 141112s2004 ck r 000 u spa d
040 ## - FUENTE DE LA CATALOGACIÓN
Centro catalogador de origen CO-ViMGA
Lengua de catalogación spa
Centro transcriptor CO-ViMGA
082 04 - • NÚMERO DE LA CLASIFICACIÓN DECIMAL DEWEY
Número de clasificación (R) 616.39 D376
100 1# - • PUNTO DE ACCESO PRINCIPAL-NOMBRE DE PERSONA
Nombre de persona Derot, Maurice
245 10 - • TITULO PROPIAMENTE DICHO
Título Las enfermedades de la nutrición /
Mención de responsabilidad, etc. Derot Maurice , Goury - Laffont Maxime
300 ## - • DESCRIPCIÓN FÍSICA
Extensión 124 p
490 ## - • MENCIÓN DE SERIE
Mención de serie Que se?, 98
505 ## - • NOTA DE CONTENIDO CON FORMATO
Nota de contenido con formato Fisiopatología de la nutrición 5 - - La diabetes sacarina 25 - - Las obesidades 73 - - Las desnutriciones proteicas 99 La gota 105 - - Las enfermedades dismetabólicas 115
650 14 - • PUNTO DE ACCESO ADICIONAL DE MATERIA - TÉRMINO DE MATERIA
Término de materia o nombre geográfico como elemento inicial Goury - Laffont, Maxime
650 14 - • PUNTO DE ACCESO ADICIONAL DE MATERIA - TÉRMINO DE MATERIA
Término de materia o nombre geográfico como elemento inicial NUTRICION - ENFERMEDADES
942 ## - ENTRADA DE ELEMENTOS AGREGADOS (KOHA)
Fuente de clasificaión o esquema Dewey Decimal Classification
Koha [por defecto] tipo de item LIbro
Existencias
Perdido Fuente de clasificación o esquema Estado Físico No para préstamo Forma de adquisición Localización permanente Localización actual Fecha adquisición Serie de enumeración / cronolog&íacute;a Préstamos totales Signatura completa Código de barras Fecha última consulta Número de copia Fecha del precio de reemplazo Tipo de item de Koha
  Dewey Decimal Classification     Sala Especializada Tercer Piso Biblioteca Pública Germán Arciniegas - Villavicencio Biblioteca Pública Germán Arciniegas - Villavicencio 12/04/2015 Volumen. 1 | 11/jun/2009   616.39 D376 00839 12/04/2015 Ej. 1 12/04/2015 LIbro









Instituto Departamental de Cultura del Meta - Red Departamental de Bibliotecas Públicas del Meta.